000 00325nam a2200109Ia 4500
008 171211s9999 xx 000 0 und d
245 _aAnimals and Society: An Introduction to Human-Animal Studies
245 _cMargo DeMello
260 _c2012
650 _xANIMALS
856 _uhttp://down.ebook777.com/057/9780231152945.pdf
999 _c348417
_d348417